000
00257nam a2200109 a 4500
005
20201002052930.0
008
150821s1987 000 spa d
020
_a
8420728357
245
0
_a
CaligrafĂa.
260
_a
Madrid : Anaya,
_c
1987.
999
_c
46011
_d
46011
040
_a
DO-SdBNP